000 00709nam a2200265Ia 4500
005 20260302115328.0
008 008 260114s9999 xx 000 0 eng d
020 _a9798216011095
037 _aTextbook
040 _aCRL
040 _beng
040 _cCRL
041 _2eng
041 _aeng
084 _qCRL
100 _aMarilyn Jurich
_91121328
245 0 _aScheherazade's Sisters Trickster Heroines and Their Stories in World Literature
260 _bBloomsbury
260 _bPraeger
260 _c1998
650 _aLiterary Studies
856 _uhttps://doi.org/10.5040/9798216011095?locatt=label:secondary_bloomsburyCollections
942 _cEBOOK
999 _c1685812
_d1685812